Venomous or Not? Quiz Stats

Quiz Updated May 10, 2013

Challenge
Share
Tweet
Embed
Score 0/24 Timer 03:00
0 Plays Today
Snake Venom? % Correct
Black Mamba???
86.9%
Tiger Rattlesnake???
83.9%
Desert Horned Viper???
83.7%
Forest Cobra???
82.3%
Russell's Viper???
81.7%
Puff Adder???
80.5%
Inland Taipan???
73.1%
Checkered Garter Snake???
70.9%
Sonoran Gopher Snake???
67.1%
Kansas Glossy Snake???
66.4%
Great Plains Rat Snake???
66%
Boomslang???
63.6%
Snake Venom? % Correct
Hook-nosed Sea Snake???
61.8%
New Mexico Milk Snake???
60.7%
Trans-Pecos Blind Snake???
59.9%
Tiger Snake???
58.3%
Eastern Coachwhip???
58.1%
Western Hook-nosed Snake???
53.9%
Desert Striped Whipsnake???
51%
Eastern Brown Snake???
50.2%
Gray-banded Kingsnake???
49.6%
Black Racer???
48.6%
Common Krait???
48.1%
Southwestern Blackhead Snake???
45.7%

You're not logged in!

Compare scores with friends on all Sporcle quizzes.
Sign Up with Email
OR
Log In

You Might Also Like...

Show Comments

Extras

Top Quizzes Today


Score Distribution

Your Account Isn't Verified!

In order to create a playlist on Sporcle, you need to verify the email address you used during registration. Go to your Sporcle Settings to finish the process.